| 000 | 01639cam a2200361 i 4500 | ||
|---|---|---|---|
| 001 | 19175840 | ||
| 003 | OSt | ||
| 005 | 20240220143424.0 | ||
| 008 | 160714s2016 nyu b 001 0 eng | ||
| 010 | _a 2016032616 | ||
| 020 | _a9781941332191 (alk. paper) | ||
| 040 |
_aDLC _beng _cDLC _erda _dDLC |
||
| 042 | _apcc | ||
| 043 | _an-us-ca | ||
| 050 | 0 | 0 |
_aHD7287.6.U52 _bC27 2016 |
| 082 | 0 | 0 |
_a363.50979493 _223 _bSOC |
| 245 | 0 | 0 |
_aSocial transparency : _bprojects on housing / _cMichael Maltzan ; with essays by Hilary Sample, NĂall McLaughlin, & Florian Idenburg, a project of the housing studios at columbia GSAPP, directed by Hilary Sample ; introduction by Amale Andraos ; edited by James Graham. |
| 260 |
_aNew York; _bColumbia University: _c2016. |
||
| 300 |
_a144 pages ; _c19 cm. |
||
| 490 | 0 | _aGSAPP transcripts | |
| 504 | _aIncludes bibliographical references (pages 140-141) and index. | ||
| 610 | 2 | 0 |
_aSkid Row Housing Trust. _9120829 |
| 650 | 0 |
_aHousing _zCalifornia _zLos Angeles. _9120830 |
|
| 650 | 0 |
_aApartment houses _zCalifornia _zLos Angeles. _9120831 |
|
| 650 | 0 |
_aArchitecture and society _zCalifornia _zLos Angeles. _9120832 |
|
| 651 | 0 |
_aLos Angeles (Calif.) _xBuildings, structures, etc. _934127 |
|
| 700 | 1 |
_aMaltzan, Michael. _9120833 |
|
| 710 | 2 |
_aColumbia University. _bGraduate School of Architecture, Planning, and Preservation. _9120827 |
|
| 906 |
_a7 _bcbc _corignew _d1 _eecip _f20 _gy-gencatlg |
||
| 942 |
_2ddc _cBK _aSADA _k363.50979493 SOC 2016 |
||
| 999 |
_c607896 _d607896 |
||